00314pab a2200121 454500008004000000100001400040245004400054260000900098300001300107362001200120650002600132773003400158180718b1989 xxu||||| |||| 00| 0 eng d aRao, S.L. aPublic sector and the marketing concept c1989 aM-178-80 a25 Nov. aGovernment Enterprise aEconomic and Political Weekly